000 00480nam a2200169Ia 4500
003 GCL
008 140319s9999 xx 000 0 eng d
040 _aGCL /
_cGCL
082 0 4 _aCC
_b962.053
_bL B
100 1 _aLUCAS, SCOTT
245 1 0 _aBRITAIN AND SUEZ: THE LION'S LAST ROAR /
_cLUCAS, SCOTT
260 _a[S.N] :
_bMANCHESTER UNIVERSITY ،
_c1996
300 _a139 P
650 0 4 _aEGYPT - HISTORY - 1956
650 0 4 _aGREAT BRITAIN - FOREIGN RELTATIONS
942 _2ddc
_cBK
999 _c13947
_d13947